[Event "Invitation"]
[Site "http://www.queenalice.com/game.php?id=246135"]
[Date "2007.7.26"]
[Round "-"]
[White "chessbuddy"]
[Black "danalee"]
[Result "1-0"]
[WhiteElo "1416"]
[BlackElo "1207"]

1. e4 Nf6 2. Nc3 Nc6 3. Nf3 d5 4. exd5 Nb4 5. a3 Nbxd5 6. Nxd5 Ne4 7. d3 Nc5 8.
Nc3 e5 9. Nxe5 Bd6 10. d4 Ne6 11. Qf3 Nxd4 12. Qxf7# 1-0

[Event "Invitation"]
[Site "http://www.queenalice.com/game.php?id=246141"]
[Date "2007.7.26"]
[Round "-"]
[White "chessbuddy"]
[Black "danalee"]
[Result "1-0"]
[WhiteElo "1424"]
[BlackElo "1199"]

1. d4 h5 2. e4 g6 3. c4 Bg7 4. Nf3 d5 5. exd5 c6 6. Nc3 cxd5 7. cxd5 e6 8. Ng5
exd5 9. Qe2+ Kf8 10. Qf3 Qxg5 11. Bxg5 Bxd4 12. Qxd5 Nc6 13. Bc4 Bg4 14. Qxf7#
1-0

[Event "Invitation"]
[Site "http://www.queenalice.com/game.php?id=246149"]
[Date "2007.7.26"]
[Round "-"]
[White "chessbuddy"]
[Black "danalee"]
[Result "1-0"]
[WhiteElo "1431"]
[BlackElo "1192"]

1. d4 d5 2. e3 Nf6 3. Nf3 c6 4. Ne5 Ne4 5. Qf3 Qa5+ 6. c3 f6 7. Ng4 Ng5 8. Qf4
e5 9. Qg3 exd4 10. exd4 Nf7 11. Qe3+ Be7 12. Be2 f5 13. Ne5 Bg5 14. Qg3 f4 15.
Bxf4 c5 16. Bxg5 Nxg5 17. Qxg5 cxd4 18. O-O h6 19. Bh5+ Kf8 20. Ng6+ Kg8 21.
Nxh8 Kxh8 22. Re1 hxg5 23. Bg6 Nc6 24. Re8# 1-0

[Event "Invitation"]
[Site "http://www.queenalice.com/game.php?id=246618"]
[Date "2007.7.27"]
[Round "-"]
[White "chessbuddy"]
[Black "danalee"]
[Result "0-1"]
[WhiteElo "1437"]
[BlackElo "1186"]

1. e4 e5 2. d4 d5 3. dxe5 c6 4. Nc3 Qe7 5. Nf3 f6 6. Qd4 Nd7 7. Bf4 fxe5 8. Nxe5
Qf6 9. Ne2 b6 10. Bg3 Bc5 11. Qc3 d4 12. Nxd4 Nxe5 13. Ne2 Ne7 14. Bxe5 Qh4 15.
Bg3 Qxe4 16. Rd1 Qf5 17. Bc7 Bxf2+ 18. Kd2 Qg5+ 19. Kd3 Qd5+ 20. Nd4 Bf5+ 21.
Kd2 Bg4 22. Bc4 Qg5+ 23. Kd3 Qe3# 0-1

[Event "Invitation"]
[Site "http://www.queenalice.com/game.php?id=246624"]
[Date "2007.7.27"]
[Round "-"]
[White "chessbuddy"]
[Black "danalee"]
[Result "1-0"]
[WhiteElo "1411"]
[BlackElo "1212"]

1. d4 d5 2. e3 e5 3. Be2 Nf6 4. Nc3 Nc6 5. Nh3 Bd7 6. O-O Nb4 7. a3 Na6 8. Bf3
g5 9. Nxg5 Rg8 10. e4 h6 11. Nh3 Bxh3 12. Kh1 Nxe4 13. Nxe4 dxe4 14. Bxe4 Qh4
15. Qe1 Qg4 16. gxh3 Qxh3 17. Rg1 Bg7 18. Bg2 Qg4 19. Bh3 Qxh3 20. dxe5 Qf3+ 21.
Rg2 Kf8 22. e6 Be5 23. Bxh6+ Ke7 24. Qf1 Rg6 25. exf7 Rxh6 26. Re1 Rxh2+ 27. Kg1
Rah8 28. Rxe5+ Kxf7 29. Qc4+ Kf6 30. Qe6# 1-0

[Event "Invitation"]
[Site "http://www.queenalice.com/game.php?id=247218"]
[Date "2007.7.28"]
[Round "-"]
[White "chessbuddy"]
[Black "danalee"]
[Result "0-1"]
[WhiteElo "1419"]
[BlackElo "1204"]

1. d4 d5 2. e3 Nf6 3. Bd3 Bg4 4. Be2 Bf5 5. Bd3 Bxd3 6. Qxd3 e5 7. dxe5 Ne4 8.
Nc3 Nc5 9. Qd4 Ne6 10. Qxd5 Qg5 11. Qxb7 Qxg2 12. Qxa8 Qxa8 13. e4 Nf4 14. Bxf4
Nd7 15. Nh3 Qd8 16. O-O Qh4 17. Bg3 Qxh3 18. Rad1 Nc5 19. Rd2 Be7 20. Rfd1 f5
21. Nd5 Nxe4 22. Nf4 Qg4 23. Rd7 Nxg3 24. R1d4 Ne2+ 25. Kf1 Qg1+ 26. Kxe2 Bc5
27. Rd8+ Kf7 28. R4d7+ Be7 29. Rxh8 Qg4+ 30. f3 Qxf4 31. Rxh7 Ke6 32. Rd3 Kxe5
33. Rxg7 Bh4 34. Rgd7 Qxh2+ 35. Kd1 Qg1+ 36. Ke2 Qf2+ 37. Kd1 Qe1# 0-1

[Event "Invitation"]
[Site "http://www.queenalice.com/game.php?id=247298"]
[Date "2007.7.28"]
[Round "-"]
[White "chessbuddy"]
[Black "danalee"]
[Result "1-0"]
[WhiteElo "1403"]
[BlackElo "1220"]

1. e4 e5 2. d4 d5 3. dxe5 c6 4. Nf3 f6 5. Qd4 Qe7 6. Bf4 h5 7. Nc3 g5 8. Be3
dxe4 9. Qxe4 f5 10. Nd5 cxd5 11. Qxd5 Be6 12. Bb5+ Kf7 13. Nxg5+ Qxg5 14. Qxb7+
Kg6 15. Bxg5 Kxg5 16. Qxa8 Bb4+ 17. c3 Be7 18. Qxb8 f4 19. O-O f3 20. gxf3 Bh3
21. Rfd1 Be6 22. Qxa7 Rh7 23. Qe3+ Kh4 24. Qf4+ Kh3 25. Qg3# 1-0

[Event "Invitation"]
[Site "http://www.queenalice.com/game.php?id=247777"]
[Date "2007.7.29"]
[Round "-"]
[White "chessbuddy"]
[Black "danalee"]
[Result "1-0"]
[WhiteElo "1412"]
[BlackElo "1211"]

1. d4 d5 2. Nc3 Nf6 3. Nf3 g6 4. Ne5 Ng4 5. Nxg4 Bxg4 6. Qd2 e5 7. e4 exd4 8.
Qxd4 c5 9. Qxh8 d4 10. Nd5 Qd6 11. Bb5+ Nc6 12. Nf6+ Kd8 13. Nxg4 a6 14. Qf6+
Kc7 15. Qxd6+ Kxd6 16. Bf4+ Ke6 17. Bc4+ Ke7 18. Bg5+ f6 19. Bxf6+ Kd6 20. e5+
Kd7 21. e6+ Ke8 22. Ne5 Bd6 23. Nxc6 bxc6 24. O-O Be7 25. Bxe7 Rb8 26. Bd6 Rxb2
27. Rae1 Rxc2 28. Rb1 Re2 29. Rb8# 1-0

[Event "Invitation"]
[Site "http://www.queenalice.com/game.php?id=247784"]
[Date "2007.7.29"]
[Round "-"]
[White "chessbuddy"]
[Black "danalee"]
[Result "1-0"]
[WhiteElo "1420"]
[BlackElo "1203"]

1. e4 e5 2. Qg4 g6 3. Nf3 f5 4. Qh3 d5 5. d4 exd4 6. Nxd4 Qe7 7. Be3 Qxe4 8. c3
c5 9. Bb5+ Kf7 10. Nd2 Nf6 11. Nxe4 Nxe4 12. O-O cxd4 13. Bxd4 Nd2 14. Rfe1 a6
15. Bxh8 axb5 16. Qh4 Bc5 17. Qf6+ Kg8 18. Qg7# 1-0

[Event "Invitation"]
[Site "http://www.queenalice.com/game.php?id=248124"]
[Date "2007.7.30"]
[Round "-"]
[White "chessbuddy"]
[Black "danalee"]
[Result "1-0"]
[WhiteElo "1427"]
[BlackElo "1196"]

1. e4 c6 2. d4 d5 3. Nc3 e5 4. Nf3 Bd6 5. dxe5 Bc5 6. exd5 Qb6 7. Qd2 Na6 8. Na4
Qc7 9. d6 Qd7 10. Qc3 f6 11. Nxc5 Qe7 12. Nh4 Qd8 13. Nf3 Qd7 14. Nh4 Qd8 15.
Nf3 fxe5 16. Nxa6 bxa6 17. Qxe5+ Kf8 18. Bd3 Rb8 19. O-O Rb5 20. Qf4+ Ke8 21.
Re1+ Kd7 22. Qf7+ Kxd6 23. Bf4+ Kc5 24. Qc4+ Kb6 25. Nd4 Rh5 26. Qxc6+ Ka5 27.
Bd2# 1-0

[Event "Invitation"]
[Site "http://www.queenalice.com/game.php?id=248157"]
[Date "2007.7.30"]
[Round "-"]
[White "chessbuddy"]
[Black "danalee"]
[Result "1-0"]
[WhiteElo "1434"]
[BlackElo "1189"]

1. e4 e5 2. d4 exd4 3. Qxd4 Be7 4. Nc3 c5 5. Qd5 d6 6. Bb5+ Nc6 7. Nf3 Be6 8.
Bxc6+ bxc6 9. Qxc6+ Kf8 10. Nd5 Rc8 11. Qb7 Rb8 12. Qc6 Nf6 13. Nxe7 Qxe7 14.
Bf4 Rd8 15. Rd1 Bc4 16. Bxd6 Qxd6 17. Rxd6 Rxd6 18. Qxd6+ Ke8 19. Qb8+ Ke7 20.
Qxh8 Nxe4 21. Ne5 Bd5 22. Ke2 Nf6 23. Rd1 Be4 24. Qxg7 Ne8 25. Qxf7# 1-0

[Event "Invitation"]
[Site "http://www.queenalice.com/game.php?id=248612"]
[Date "2007.7.31"]
[Round "-"]
[White "chessbuddy"]
[Black "danalee"]
[Result "1-0"]
[WhiteElo "1440"]
[BlackElo "1183"]

1. e4 e5 2. d4 d5 3. dxe5 f6 4. Qxd5 Bd6 5. Nf3 Ne7 6. Qd4 fxe5 7. Nxe5 O-O 8.
Bc4+ Kh8 9. Nf7+ Rxf7 10. Bxf7 Nec6 11. Qd5 Qf6 12. Qh5 g6 13. Qf3 Qd4 14. O-O
Ne5 15. Qf6# 1-0

[Event "Invitation"]
[Site "http://www.queenalice.com/game.php?id=248655"]
[Date "2007.7.31"]
[Round "-"]
[White "chessbuddy"]
[Black "danalee"]
[Result "1-0"]
[WhiteElo "1446"]
[BlackElo "1177"]

1. e4 e5 2. d4 d5 3. dxe5 c6 4. Bd3 f5 5. Bf1 fxe4 6. Bf4 Nd7 7. Be2 Qe7 8. Qd4
c5 9. Qa4 b5 10. Qxb5 Rb8 11. Qa5 Nxe5 12. Bb5+ Kf7 13. Nc3 Bg4 14. Nxd5 Qh4 15.
Qc7+ Ke6 16. Bd7+ Nxd7 17. Bg3 Qg5 18. Qf4 Qxd5 19. Qxg4+ Kf6 20. Rd1 Qc4 21.
Bxb8 Nxb8 22. Rd8 Qb4+ 23. c3 Qb6 24. Rxf8+ Ke7 25. Qc8 Nf6 26. Nh3 Nc6 27. Rxh8
c4 28. O-O Ng4 29. Re8+ Kf7 30. Qd7+ Kf6 31. Re6+ Kf5 32. Qd5+ Nge5 33. g4+ Kxg4
34. Qxe4+ Kxh3 35. Qxh7+ Kg4 36. Qe4+ Kg5 37. h4+ Kh5 38. Kg2 g5 39. Qf5 Qxb2
40. Qxg5# 1-0

[Event "Invitation"]
[Site "http://www.queenalice.com/game.php?id=248726"]
[Date "2007.7.31"]
[Round "-"]
[White "chessbuddy"]
[Black "danalee"]
[Result "1-0"]
[WhiteElo "1451"]
[BlackElo "1172"]

1. e4 e5 2. d4 d6 3. dxe5 Qe7 4. exd6 cxd6 5. Bb5+ Nc6 6. Nc3 a6 7. Nd5 Qxe4+ 8.
Be2 Qxg2 9. Nc7+ Kd7 10. Bf3 Qh3 11. Nxh3 Kxc7 12. Nf4 Ne5 13. Nd5+ Kd8 14. Bg5+
Ke8 15. Nc7+ Kd7 16. Nxa8 h6 17. Bh4 Nxf3+ 18. Qxf3 d5 19. Nb6+ Ke8 20. Nxc8 g5
21. Bg3 Ne7 22. Nd6+ Kd7 23. Qf6 Rg8 24. Qxf7 Kc6 25. Ne8 h5 26. O-O h4 27. Be5
g4 28. Qe6+ Kc5 29. Qd6+ Kc4 30. b3+ Kb5 31. c4+ Ka5 32. Bc3# 1-0

[Event "Invitation"]
[Site "http://www.queenalice.com/game.php?id=249035"]
[Date "2007.8.1"]
[Round "-"]
[White "chessbuddy"]
[Black "danalee"]
[Result "0-1"]
[WhiteElo "1456"]
[BlackElo "1167"]

1. f3 Nf6 2. h4 d5 3. d4 Nh5 4. Rh2 Ng3 5. Nh3 Nxf1 6. Kxf1 Qd6 7. Bf4 Qc6 8.
Nc3 e5 9. Bxe5 Bd6 10. f4 f6 11. Bxd6 Qxd6 12. g3 Be6 13. Ng1 g5 14. e3 gxh4 15.
Rxh4 Qc6 16. Qe2 Nd7 17. Rh6 Nf8 18. Rxf6 Rg8 19. Qh5+ Ng6 20. Qxh7 Qc4+ 21. Kf2
b5 22. Qxg8+ Bxg8 23. Rxg6 Bf7 24. Rh6 Qb4 25. Nf3 Qxb2 26. Rah1 Qxc2+ 27. Ne2
Ke7 28. Ne5 Bg8 29. Rh8 Kf8 30. Nd7+ Kg7 31. R8h6 Qe4 32. R1h5 Qe8 33. Nf6 Qe7
34. Nxd5 Qe4 35. Rd6 Re8 36. Nf6 Qxe3+ 37. Ke1 Qxe2# 0-1

[Event "Invitation"]
[Site "http://www.queenalice.com/game.php?id=249096"]
[Date "2007.8.1"]
[Round "-"]
[White "chessbuddy"]
[Black "danalee"]
[Result "1-0"]
[WhiteElo "1428"]
[BlackElo "1195"]

1. e4 Nf6 2. Nc3 d5 3. d4 Nbd7 4. exd5 Nb6 5. Bb5+ Nfd7 6. Bf4 g5 7. Bg3 e6 8.
d6 cxd6 9. d5 a6 10. Bd3 e5 11. Nf3 Nc5 12. Be2 Bf5 13. b4 Ncd7 14. Qd2 g4 15.
Ng5 Rg8 16. Nge4 Rg6 17. O-O Rc8 18. Bd3 Nc4 19. Bxc4 Rxc4 20. Rab1 Bh6 21. Qd3
Rd4 22. Qe2 a5 23. Qb5 Rxb4 24. Rxb4 axb4 25. Qxb4 Nf6 26. Nxd6+ Kf8 27. Nxf5+
Ke8 28. Qb5+ Nd7 29. Ne4 Rb6 30. Ned6+ Kf8 31. Qc5 Nxc5 32. Bh4 Bg5 33. g3 Rb4
34. Re1 Rd4 35. Rxe5 Qa5 36. Re8# 1-0

[Event "Invitation"]
[Site "http://www.queenalice.com/game.php?id=249788"]
[Date "2007.8.2"]
[Round "-"]
[White "chessbuddy"]
[Black "danalee"]
[Result "1-0"]
[WhiteElo "1435"]
[BlackElo "1188"]

1. d4 Nc6 2. Nf3 d5 3. Nc3 Be6 4. Ne5 Nxe5 5. dxe5 Qd7 6. e3 c5 7. Bb5 Qxb5 8.
Nxb5 Rc8 9. Nxa7 Rc7 10. Bd2 b6 11. c4 Rxa7 12. O-O f6 13. exf6 gxf6 14. e4 f5
15. exd5 Bd7 16. Qh5+ Kd8 17. Qe2 Nf6 18. Qe5 Rg8 19. Qb8+ Bc8 20. Qxa7 f4 21.
Bxf4 Bh3 22. Qxb6+ Ke8 23. Rad1 Bxg2 24. Rfe1 Bh3+ 25. Bg3 Nh5 26. Qc6+ Kf7 27.
Re6 Bxe6 28. Qxe6+ Kg7 29. Be5+ Nf6 30. Rd3 h5 31. Rg3+ Kh7 32. Qf7+ Kh8 33. d6
Bh6 34. dxe7 Rg6 35. Rxg6 h4 36. e8=N h3 37. Bxf6+ Bg7 38. Qxg7# 1-0

[Event "Invitation"]
[Site "http://www.queenalice.com/game.php?id=249804"]
[Date "2007.8.2"]
[Round "-"]
[White "chessbuddy"]
[Black "danalee"]
[Result "1-0"]
[WhiteElo "1441"]
[BlackElo "1182"]

1. e4 e5 2. d4 c5 3. dxe5 Qc7 4. Nf3 Qa5+ 5. Bd2 Qa4 6. Nc3 Qc6 7. Nd5 d6 8. Bc3
f5 9. Bd3 dxe5 10. Bxe5 Nd7 11. Bc3 fxe4 12. Bxe4 Qe6 13. Nc7+ Ke7 14. Nxe6 Kxe6
15. Qd5+ Ke7 16. Rd1 Ngf6 17. Qd6+ Kf7 18. Bd5+ Kg6 19. Ne5+ Kh6 20. Nf7+ Kh5
21. Bf3+ Kg6 22. Nxh8+ Kf5 23. Qd3+ Kf4 24. Qe3+ Kf5 25. g4+ Nxg4 26. Rd5+ Nge5
27. Be4+ Kf6 28. Bxe5+ Ke6 29. Qb3 Nxe5 30. Qb5 Bd7 31. Qxb7 Re8 32. Qc7 Bb5 33.
Qxe5# 1-0

[Event "Invitation"]
[Site "http://www.queenalice.com/game.php?id=250186"]
[Date "2007.8.3"]
[Round "-"]
[White "chessbuddy"]
[Black "danalee"]
[Result "1-0"]
[WhiteElo "1447"]
[BlackElo "1176"]

1. e4 e5 2. d4 Qh4 3. Nc3 d5 4. Nf3 Qe7 5. Nxd5 Qd7 6. Nxe5 Qd8 7. Be2 f6 8. Nf3
c6 9. Nc3 Bd6 10. Na4 Be6 11. Nh4 f5 12. exf5 Bd5 13. f6 Nxf6 14. Nf5 Bf8 15.
Bf3 g6 16. Qe2+ Kf7 17. Nh6+ Kg7 18. Nc5 Nbd7 19. Ne6+ Bxe6 20. Qxe6 Nc5 21.
Qf7# 1-0

[Event "Invitation"]
[Site "http://www.queenalice.com/game.php?id=250204"]
[Date "2007.8.3"]
[Round "-"]
[White "chessbuddy"]
[Black "danalee"]
[Result "1-0"]
[WhiteElo "1452"]
[BlackElo "1171"]

1. e4 c5 2. d4 d6 3. d5 Nf6 4. Nc3 Bg4 5. Be2 e6 6. Nf3 exd5 7. Nxd5 h5 8. Ng5
Nxd5 9. exd5 Qf6 10. O-O Qe5 11. Re1 f6 12. Nf3 Qf5 13. Nh4 Qe5 14. Ng6 Qg5 15.
Bxg5 Rh7 16. Bb5+ Kf7 17. Be8+ Kg8 18. Qd2 fxg5 19. Qxg5 Na6 20. Qf4 Be7 21.
Rxe7 Rxe8 22. Rxe8# 1-0

[Event "Invitation"]
[Site "http://www.queenalice.com/game.php?id=250267"]
[Date "2007.8.3"]
[Round "-"]
[White "chessbuddy"]
[Black "danalee"]
[Result "0-1"]
[WhiteElo "1457"]
[BlackElo "1166"]

1. e4 b5 2. d4 Bb7 3. Qf3 g5 4. Bxg5 Bg7 5. Qe3 h6 6. Bh4 Na6 7. Bxb5 c6 8. Ba4
Qa5+ 9. Nc3 Qb4 10. Nf3 Qxb2 11. O-O c5 12. Rad1 Bxd4 13. Nxd4 cxd4 14. Qxd4 Rc8
15. Qxd7+ Kf8 16. Nd5 Qa3 17. Bxe7+ Kg7 18. Bf6+ Nxf6 19. Nxf6 Nb8 20. Qg4+ Kxf6
21. e5+ Kxe5 22. Rfe1+ Kf6 23. Qf4+ Kg7 24. Re3 Qc5 25. Re7 Qxe7 26. Qg4+ Kh7
27. g3 Rhg8 28. Qf5+ Rg6 29. c3 Rxc3 30. Bd7 Rxg3+ 31. hxg3 h5 32. Rd4 Qe1+ 33.
Kh2 Qh1# 0-1

[Event "Invitation"]
[Site "http://www.queenalice.com/game.php?id=250333"]
[Date "2007.8.3"]
[Round "-"]
[White "chessbuddy"]
[Black "danalee"]
[Result "1-0"]
[WhiteElo "1429"]
[BlackElo "1194"]

1. e4 g5 2. d4 h5 3. Bxg5 f6 4. Bd2 b5 5. Bc3 Bb7 6. e5 fxe5 7. dxe5 e6 8. Be2
Qg5 9. g3 h4 10. Nf3 Qg6 11. Nxh4 Qe4 12. f3 Qh7 13. Bxb5 Be7 14. Qe2 Nh6 15.
Bd3 Nf5 16. Bxf5 exf5 17. Nd2 f4 18. e6 fxg3 19. Bxh8 Qxh4 20. Qg2 Qxh8 21. hxg3
Qe5+ 22. Ne4 Bb4+ 23. c3 Ba5 24. Rh6 Qg7 25. Nf6+ Ke7 26. Qh3 Bxf3 27. exd7 Nc6
28. Ng8+ Rxg8 29. Qe6+ Kf8 30. Qe8# 1-0

[Event "Invitation"]
[Site "http://www.queenalice.com/game.php?id=274527"]
[Date "2007.9.20"]
[Round "-"]
[White "chessbuddy"]
[Black "danalee"]
[Result "1-0"]
[WhiteElo "1436"]
[BlackElo "1187"]

1. d4 d5 2. e4 e6 3. Nc3 Nf6 4. Nf3 Nxe4 5. Nxe4 dxe4 6. Ne5 f6 7. Nc4 Nc6 8.
Be3 Nb4 9. Be2 Bd7 10. Na5 Ba4 11. Nxb7 Nxc2+ 12. Qxc2 Qd7 13. Nc5 Bxc5 14. Qxc5
e5 15. O-O exd4 16. Qxd4 Rb8 17. Qxa7 Rxb2 18. Qa8+ Qd8 19. Qxa4+ Qd7 20. Qd1 g5
21. Bh5+ Kd8 22. Qd4 Kc8 23. Qa7 Qb5 24. Qa8+ Qb8 25. Bg4+ Kd8 26. Qd5+ Ke7 27.
Qe6+ Kf8 28. Qxf6+ Kg8 29. Be6# 1-0

[Event "Invitation"]
[Site "http://www.queenalice.com/game.php?id=276899"]
[Date "2007.9.25"]
[Round "-"]
[White "chessbuddy"]
[Black "danalee"]
[Result "1-0"]
[WhiteElo "1442"]
[BlackElo "1181"]

1. e4 e5 2. d4 d6 3. Nc3 Nc6 4. Nd5 Nxd4 5. Nf3 Nxf3+ 6. Qxf3 c6 7. Nc3 Nf6 8.
Bg5 h6 9. Bh4 g5 10. Bg3 Qb6 11. Qxf6 Rg8 12. Be2 Qxb2 13. O-O Qxc3 14. Bh5 Be6
15. Rab1 Bc4 16. Bxf7+ Bxf7 17. Rxb7 Qc4 18. Rxf7 Qxf7 19. Qxf7+ Kxf7 20. f4 d5
21. fxe5+ Ke8 22. e6 Bc5+ 23. Kh1 h5 24. Rf7 h4 25. Bc7 h3 26. exd5 cxd5 27.
gxh3 g4 28. Kg2 gxh3+ 29. Kf3 Rc8 30. a4 Rg1 31. Rh7 Rf1+ 32. Kg3 Kf8 33. Rh8+
Ke7 34. Rxc8 Bf2+ 35. Kxh3 Bg1 36. Kg2 Rf2+ 37. Kxg1 Re2 38. Bg3 Kxe6 39. Re8+
Kf5 40. Rxe2 1-0